|
|
|
|
| LEADER |
01073nam a2200265 a 4500 |
| 001 |
GR-MES4988 |
| 008 |
991111s gr 000 0 gre d |
| 020 |
|
|
|a 9603310255
|
| 040 |
|
|
|a GrPaTEI
|b gre
|c GR-PaULI
|
| 245 |
0 |
0 |
|a Λύσεις ασκήσεων μηχανολογικού σχεδίου.
|
| 260 |
|
|
|a Αθήνα :
|b Ευρωπαικές Τεχνολογικές Εκδόσεις,
|c c1995
|
| 300 |
|
|
|a Σχημ.,σχεδ.
|
| 500 |
|
|
|a Το βιβλίο δεν έχει σελιδαρίθμηση
|
| 650 |
|
4 |
|a Ασκήσεις
|
| 650 |
|
4 |
|a Μηχανολογία
|
| 650 |
|
4 |
|a ΜΗΧΑΝΟΛΟΓΙΚΟ ΣΧΕΔΙΟ
|
| 700 |
1 |
|
|a Heinzler, M.
|
| 700 |
1 |
|
|a Leopold, B.
|
| 700 |
1 |
|
|a Meier, E.
|
| 700 |
1 |
|
|a Schilling, K.
|
| 700 |
1 |
|
|a Βούλγαρης, Μελέτιος Δ.
|
| 942 |
|
|
|2 ddc
|
| 952 |
|
|
|0 0
|1 0
|2 ddc
|4 0
|6 620_000400000000000_2_HEI
|7 0
|9 269633
|a MSLG
|b MSLG
|c BSC
|d 2021-01-17
|e 24
|f 0
|g 0.00
|l 0
|o 620.0004 2 HEI
|p 2420000009142
|r 2021-01-17 00:00:00
|t 1
|w 2021-01-17
|y BK15
|x 19991111 0 1
|x GrPaTEI
|
| 971 |
|
|
|a .b2576035x
|b 16-04-20
|c 13-09-16
|
| 999 |
|
|
|c 155600
|d 155600
|